1812 1937 1438 1029 1100 1744 1956 1866 1891 1071 1761 1425 1246 1139 1178 1686 1011 1432 1360 1874 1926 2000 1964 1038 1057 1902 1106 1611 1667 1025 1967 1835 1333 1428 1728 1152 1919 1535 1016 1738 1683 1892 1967 1142 1254 1478 1879 1198 1578 1905 1928 1960 1208 1729 1066 1299 1105 1539 1695 1706 1850 1168 1496 1940 1993 1380 1901 1766 1833 1334 1961 1649 1824 1138 1870 1466 1027 1447 1002 1597 1231 1916 1315 1241 1176 1047 1207 1202 1885 1550 1185 1474 1652 1736 1309 1649 1310 1672 1245 BCNSPRNW ULIB Ver.6.0+V

เปลี่ยนเป็นภาษาไทย

Change to English
 แสดงรายละเอียดบรรณานุกรม
  กลับหน้าหลัก

Brief Record : Get Marc (ISO 2709) : E-mail record : QR code < ปิดหน้าต่าง
LEADER : 00000nam 2200000uu 4500
001    13399123649
003     ULIB
008    130207s2556||||th 000 0 tha d
020    9789740329831
060  4 WF26^bข275ก
100 0  ขวัญฤทัย พันธุ
245 00 การดูแลผู้ป่วยที่ใช้เครื่องช่วยหายใจ/^cโดย ขวัญฤทัย พันธุ
250    พิมพ์ครั้งที่2
260    กรุงเทพฯ:^bสำนักพิมพ์แห่งจุฬาลงกรณ์มหาวิทยาลัย,^c2556
300    178 หน้า:^bภาพประกอบ
650  7 เครื่องช่วยหายใจ
650  7 การใสท่อช่วยหายใจ
945    ^p150^l0^i036497
945    ^p150^l0^i036498
945    ^p150^l0^i036499
945    ^p150^l0^i036500
945    ^p150^l0^i036501
945    ^p150^l0^i036502
945    ^p150^l0^i036503
945    ^p150^l0^i036504
945    ^p150^l0^i036505
945    ^p150^l0^i036506
995    เกษร
999    ^aเกษร โพธิ์สุวรรณ
รายการนี้ยังไม่มีแท็ก
คุณยังไม่ได้ล็อกอิน คุณสามารถมีกิจกรรมร่วมกับเว็บไซต์ได้ แต่ต้องล็อกอินก่อน ::
  ล็อกอิน

รายการสื่อสารสนเทศ

ลำดับที่ ประเภท เลขเรียก/บาร์โค้ด สถานที่ สถานะ
1. วิทยาศาสตร์การแพทย์ และสุขภาพ
หนังสือสำรอง
สถานะ=หนังสือสำรอง
WF26 ข275ก ฉ.1 
  Barcode: 036497
ห้องสมุดวิทยาเขตสวรรค์ประชารักษ์
►ส่วนจัดเก็บหนังสือเก่า สปร
บนชั้น
  ขอยืม
2. วิทยาศาสตร์การแพทย์ และสุขภาพ
วิทยาศาสตร์การแพทย์ และสุขภาพ
WF26 ข275ก ฉ.10 
  Barcode: 036506
ห้องสมุดวิทยาเขตสวรรค์ประชารักษ์
►ส่วนจัดเก็บหนังสือเก่า สปร
บนชั้น
  ขอยืม
3. วิทยาศาสตร์การแพทย์ และสุขภาพ
วิทยาศาสตร์การแพทย์ และสุขภาพ
WF26 ข275ก ฉ.2 
  Barcode: 036498
ห้องสมุดวิทยาเขตสวรรค์ประชารักษ์
►ส่วนจัดเก็บหนังสือเก่า สปร
บนชั้น
  ขอยืม
4. วิทยาศาสตร์การแพทย์ และสุขภาพ
วิทยาศาสตร์การแพทย์ และสุขภาพ
WF26 ข275ก ฉ.3 
  Barcode: 036499
ห้องสมุดวิทยาเขตสวรรค์ประชารักษ์
►ส่วนจัดเก็บหนังสือเก่า สปร
บนชั้น
  ขอยืม
5. วิทยาศาสตร์การแพทย์ และสุขภาพ
วิทยาศาสตร์การแพทย์ และสุขภาพ
WF26 ข275ก ฉ.4 
  Barcode: 036500
ห้องสมุดวิทยาเขตสวรรค์ประชารักษ์
►ส่วนจัดเก็บหนังสือเก่า สปร
บนชั้น
  ขอยืม
6. วิทยาศาสตร์การแพทย์ และสุขภาพ
วิทยาศาสตร์การแพทย์ และสุขภาพ
WF26 ข275ก ฉ.5 
  Barcode: 036501
ห้องสมุดวิทยาเขตสวรรค์ประชารักษ์
►ส่วนจัดเก็บหนังสือเก่า สปร
บนชั้น
  ขอยืม
7. วิทยาศาสตร์การแพทย์ และสุขภาพ
วิทยาศาสตร์การแพทย์ และสุขภาพ
WF26 ข275ก ฉ.6 
  Barcode: 036502
ห้องสมุดวิทยาเขตสวรรค์ประชารักษ์
►ส่วนจัดเก็บหนังสือเก่า สปร
บนชั้น
  ขอยืม
8. วิทยาศาสตร์การแพทย์ และสุขภาพ
วิทยาศาสตร์การแพทย์ และสุขภาพ
WF26 ข275ก ฉ.7 
  Barcode: 036503
ห้องสมุดวิทยาเขตสวรรค์ประชารักษ์
►ส่วนจัดเก็บหนังสือเก่า สปร
บนชั้น
  ขอยืม
9. วิทยาศาสตร์การแพทย์ และสุขภาพ
วิทยาศาสตร์การแพทย์ และสุขภาพ
WF26 ข275ก ฉ.8 
  Barcode: 036504
ห้องสมุดวิทยาเขตสวรรค์ประชารักษ์
►ส่วนจัดเก็บหนังสือเก่า สปร
บนชั้น
  ขอยืม
10. วิทยาศาสตร์การแพทย์ และสุขภาพ
วิทยาศาสตร์การแพทย์ และสุขภาพ
WF26 ข275ก ฉ.9 
  Barcode: 036505
ห้องสมุดวิทยาเขตสวรรค์ประชารักษ์
►ส่วนจัดเก็บหนังสือเก่า สปร
บนชั้น
  ขอยืม

รายการใกล้เคียง
    ผู้แต่ง [ขวัญฤทัย พันธุ]

    หัวเรื่อง [เครื่องช่วยหายใจ]
    หัวเรื่อง [การใสท่อช่วยหายใจ]

BibComment


ยังไม่เคยถูกคอมเมนท์

คอมเมนท์ทรัพยากรรายการนี้
  คอมเมนท์: การดูแลผู้ป่วยที่..


 Copyright 2026. Bcnsprnw @Library